Interpretación simultánea y consecutiva español - eslovaco : textos y ejercicios /

Uložené v:
Podrobná bibliografia
Hlavní autori: Reichwalderová, Eva, Castaño, Lara Gonzáles (Author)
Médium: Kniha
Jazyk:Spanish
Slovak
Vydané: Banská Bystrica : Univerzita Mateja Bela, Fakulta humanitných vied, 2013.
Vydanie:1. vyd.
Témy:
ISBN: 9788055705675 (brož.)
Fyzický popis: 107 s. ; 24 cm.
Tagy: Pridať tag
Žiadne tagy, Buďte prvý kto otaguje tento záznam!

MARC

LEADER 00000nam a2200000 a 4500
001 000450708
005 20140806110757.0
008 140226s2013 xo e p 000 0 spa d
020 |a 9788055705675 (brož.) 
040 |a SVKKK  |b slo  |c SVKKK  |e AACR2 
041 1 |a spa  |a slo 
044 |a xo  |c SK 
072 7 |a 81  |x Lingvistika. Jazyky  |2 konspekt 
072 7 |a 37.016  |x Učebné osnovy. Vyučovacie predmety. Učebnice  |2 konspekt 
080 |a 81`24  |2 2001 
080 |a 81`253  |2 2001 
080 |a 811.162.4  |2 2001 
080 |a 811.134.2  |2 2001 
080 |a (07)  |2 2001 
100 1 |a Reichwalderová, Eva 
245 1 0 |a Interpretación simultánea y consecutiva español - eslovaco :  |b textos y ejercicios /  |c Eva Reichwalderová, Lara Gonzáles Castaño. 
250 |a 1. vyd. 
260 |a Banská Bystrica :  |b Univerzita Mateja Bela, Fakulta humanitných vied,  |c 2013. 
300 |a 107 s. ;  |c 24 cm. 
366 |e 100 výtl. 
504 |a Bibliografia: s. 103-104 
546 |a Čiastočne text aj slov. 
650 0 7 |a konverzácia  |2 SVKKKPH 
650 0 7 |a simultánne tlmočenie  |2 SVKKKPH 
650 0 7 |a slovenčina  |2 SVKKKPH 
650 0 7 |a španielčina  |2 SVKKKPH 
655 7 |a učebné texty  |2 SVKKKPH 
700 1 |a Castaño, Lara Gonzáles  |4 aut 
910 |a svkkk 
919 |a 978-80-557-0567-5 
998 |a BK 
090 |g SCKHL  |k Sklad Hlavná 10 prízemie  |a IV.220436  |j 1054067  |i 2720304309  |s Absenčne